000 01673nam a22003377a 4500
001 121707
008 231110e20231110xxk|||||o|||| 00| 0 eng d
020 _a9781783215133
041 _aeng
110 _aRoyal Institution of Chartered Surveyors
245 _aDiscounted cash flow valuations
_bglobal
_h[Electronic resource]
260 _aLondon,
_bRoyal Institution of Chartered Surveyors,
_cNovember 2023
300 _a56p.
490 _aRICS Practice Information
520 _aA practical global guide covering the use of DCF valuation. Chapters include:1) Introduction 2) Explicit DCF valuation versus the implicit valuation method 3) The context for applying explicit DCF methods 4) Applying explicit DCF methods to the basis of market valuation 5) Applying explicit DCF methods to the basis of investment value. Appendix A) Implicit vs explicit DCF valuations; Appendix B) Risk analysis techniques; Appendix C) Depreciation and obsolesence
650 _aDISCOUNTED CASH FLOW
650 _aCAPITAL ASSET PRICING MODEL
650 _aIMPLICIT VALUE
650 _aINVESTMENT VALUE
650 _aMARKET VALUE
650 _aRISK ANALYSIS
650 _aVALUATION
650 _aWEIGHTED AVERAGE COST OF CAPITAL
651 _aGlobal
690 _96273
_aValuation
700 _aCrosby, Neil
710 _aRoyal Institution of Chartered Surveyors
856 _uhttps://www.rics.org/content/dam/ricsglobal/documents/standards/Discounted-cash-flow-valuations-1.pdf
_zPractice Information available on RICS.org
856 _uhttps://www.rics.org/content/dam/ricsglobal/documents/standards/Basis-for-conclusions-1.pdf
_zBasis for conclusions
942 _n0
999 _c121707
_d121707